000 00618nam a2200241Ia 4500
003 OSt
005 20221007110623.0
006 a|||||r|||| 00| 0
007 ta
008 221006b |||||||| |||| 00| 0 eng d
024 _a21,470
037 _cTextual
040 _aLCO
_cLCO
_beng
041 _2eng
_aeng
082 _aX9M, L4
100 _aGanguli B.N.
245 0 _aMultinational Corporations
260 _aNew
_bDelhi S. Chand & Co. (Pvt) Ltd. India
_c1974
300 _a112
650 _aMULTINATIONAL CORPORATION
942 _hX9M, L4
_cTEXL
999 _c1191033
_d1191033